Zkušenosti z provozu Nononorenežskej jaderne elektrárny

Enregistré dans:
Détails bibliographiques
Format: Livre
Langue:tchèque
Publié: Praha : SNTL, 1976
Tags: Ajouter un tag
Pas de tags, Soyez le premier à ajouter un tag!

MARC

LEADER 00000nam a22000003a 4500
001 stu222305
005 20150408182830.7
008 110311s1982----cs------------------cze-d
040 |a STU  |b slo 
041 0 |a cze 
044 |a cs 
080 |a 621.311.25 
080 |a 621.039 
245 |a Zkušenosti z provozu Nononorenežskej jaderne elektrárny 
260 |a Praha :  |b SNTL,  |c 1976 
300 |a 156 s 
996 |b E38204  |c E*38204  |l EE06  |s P  |a 0  |w stu222305_0001 
996 |b E38206  |c E*38206  |l EE06  |s P  |a 0  |w stu222305_0002 
996 |b E37997  |c E*37997  |l EE15  |s P  |a 0  |w stu222305_0003 
996 |b E37998  |c E*37998  |l EE15  |s P  |a 0  |w stu222305_0004